|
|
|
|
| LEADER |
00000nam0a2200000 4500 |
| 001 |
114872 |
| 005 |
20231101215225.0 |
| 010 |
|
|
|a 5788004721
|
| 020 |
|
|
|a RU
|b 90-36439
|
| 035 |
|
|
|a (RuTPU)RU\TPU\book\124228
|
| 090 |
|
|
|a 114872
|
| 100 |
|
|
|a 20070427d1990 m a0rusy5003 ca
|
| 101 |
1 |
|
|a rus
|c eng
|
| 102 |
|
|
|a BY
|
| 105 |
|
|
|a y z 000ay
|
| 200 |
1 |
|
|a Шпион, или Повесть о нейтральной территории
|f Д. Ф. Купер
|g пер. с англ. Э. Бер и Е. Шишмарева; худож. Г. Я. Скоморохов
|
| 210 |
|
|
|a Минск
|c Юнацтва
|d 1990
|
| 215 |
|
|
|a 303 с.
|d 22 см
|
| 610 |
1 |
|
|a художественная литература
|
| 610 |
1 |
|
|a Северная Америка
|
| 610 |
1 |
|
|a 18 век
|
| 610 |
1 |
|
|a война за независимость
|
| 610 |
1 |
|
|a американская литература
|
| 675 |
|
|
|a 82
|z rus
|v 3
|
| 700 |
|
1 |
|a Купер
|b Дж. Ф.
|c американский писатель
|f 1789-1851
|g Джеймс Фенимор
|2 stltpush
|3 (RuTPU)RU\TPU\pers\20084
|9 7981
|
| 702 |
|
1 |
|a Бер
|b Э.
|4 730
|
| 702 |
|
1 |
|a Шишмарева
|b Е.
|4 730
|
| 702 |
|
1 |
|a Скоморохов
|b Г. Я.
|4 440
|
| 801 |
|
0 |
|a RU
|b RuMRKP
|c 19950417
|g psbo
|
| 801 |
|
1 |
|a RU
|b 63413507
|c 20070427
|g PSBO
|
| 801 |
|
2 |
|a RU
|b 63413507
|c 20140827
|g PSBO
|
| 942 |
|
|
|c BK
|